| 000 | 00342nam a22001337a 4500 | ||
|---|---|---|---|
| 020 | _a978-81-7739-262-3 | ||
| 082 |
_a300 _bMIS/S |
||
| 100 | _aMUKTA MISRA | ||
| 245 |
_aMANUAL FOR SOCIAL SCIENCE _bCLASS VIII |
||
| 260 |
_aDELHI _bAVICHAL PUBLISHONG COMPANY _c2010 |
||
| 300 | _a106 | ||
| 650 |
_aSOCIAL SCIENCE FOR CLASS VIII _zINDIA |
||
| 942 | _cBK | ||
| 999 |
_c964 _d964 |
||